Регионална библиотека "Любен Каравелов" - Русе

Социална психология (Запис номер 55574)

MARC детайли
000 -Лидер
Контролно поле с фиксирана дължина 01767nam a2200397 c 4500
003 - Код на организацията, давaща контролен номер
Контролно поле BLK
005 - Дата и час на последна редакция
Контролно поле 20240731131343.0
008 - Елементи от данни с фиксирана дължина
fixed length control field 180408b bul|||||r ||||||| ||bul||
010 ## - Наследен системен номер
LC control number KNG00059542000
020 ## - Международен стандартен номер на книга ISBN
Международен стандартен номер на книга ISBN 954-527-316-Х
-- издат.: Дамян Яков
040 ## - Източник на каталожния запис
Идентификатор на билиотеката - собственик на записа BLK
041 ## - Код за език
Код за езика на текст/звукозапис или на отделно заглавие Български
Код за езика КДБФ Български
080 ## - УДК
Текстов определител УДК Социално поведение. Социална психология
УДК код - определител по УДК 316.6
УДК определител (075.8)
УДК - код + определител 316.6(075.8)
139 ## - Редно поле
Редна дума Социална психология
Авторски знак Соц - С 54
245 10 - Сведения за заглавието
Заглавие Социална психология
Редно поле (дума) под ред. на Серж Московичи; прев. Евгения Грекова; прев. Снежина Анастасова.
250 ## - Област на изданието
Сведения за изданието 2. прераб. изд.
257 ## - Страна на издаване
Страна на създаване/издаване Франция
260 ## - Област на издателските данни
-- София
Име на издателя, разпространителя и проч. Дамян Яков
Година на издаване 2006
Печатница София : Вулкан
300 ## - Физическа характеристика
Страници 744 с.
Илюстрации и др. с ил., сх., табл.
Размери/Мащаб 24 см
380 ## - Жанр
Жанр Обществени науки
500 ## - Общи забележки
Забележка Ориг. загл. Psychologie sociale / Sous la dir. de Serge Moscovici. - Прев. С. Анастасова е известна като Снежинка Иванова. - 1. изд. Женифер Хикс, в 2. т. - Библиогр. с. 687-741.
504 ## - Забележка за наличие на библиография и др
Забележка за наличие на библиография и под. 687-741
590 ## - Забележки на библиотеката, притежаваща документа (RLIN)
Служебно ф
650 #4 - Допълнително описание по предмет – тема
Основно описание – тема или топоним Социална психология
9 (RLIN) 243161
653 ## - Ключова дума – ненормативна
Ключова дума социална психология
653 ## - Ключова дума – ненормативна
Ключова дума учебници за ВУЗ
700 1# - Други автори (авторска отговорност)
Лично име Московичи, Серж
Автороска отговорност (Описва отношението между автора и произведението) под ред. на
9 (RLIN) 99312
700 1# - Други автори (авторска отговорност)
Лично име Грекова, Евгения
Автороска отговорност (Описва отношението между автора и произведението) прев.
9 (RLIN) 368447
700 1# - Други автори (авторска отговорност)
Лично име Анастасова, Снежина
Автороска отговорност (Описва отношението между автора и произведението) прев.
9 (RLIN) 286299
852 ## - Местоположение
Форматна сигнатура Цб 227590
856 4# - Електронен адрес и достъп
Електронен формат pdf - файл
Път до файла /url/
856 4# - Електронен адрес и достъп
Електронен формат pdf - файл
Път до файла /url/
942 ## - АРТИКУЛИ
Вид на библиотечния материал Книги
Скрит в OPAC Не
Koha issues (borrowed), all copies 20
944 ## - СЪЗДАВАНЕ И РЕДАКЦИЯ на ЗАПИСА
Създаване/Редакция Създаване
Дата на регистрацията/редакция 25.05.2006
Служител, извършил регистрацията/редакцията 30531
Статус, дата на статуса Цветелина Шанова
944 ## - СЪЗДАВАНЕ И РЕДАКЦИЯ на ЗАПИСА
Създаване/Редакция Редакция
Дата на регистрацията/редакция 13.11.2012
Служител, извършил регистрацията/редакцията
999 ## - СИСТЕМНИ КОНТРОЛНИ НОМЕРА
Koha biblionumber 55574
Koha biblioitemnumber 55574
Наличности
Код за отписване Код за изгубен артикул Източник на класификационната схема Код за повреда Коз за рестрикции Код за отдаване Артикулен № Име на библиотеката - собственик Име на библиотеката, в която се намира в момента Статус (Текущо местоположение) Дата на вписване в системата Местоположение - отдел Цена в лева Инвентарен номер Систематично азбучна сигнатура Баркод Номер на екземпляра Цена в евро Служебна бележка Служебен тип на артикула
  Не е изгубен Universal Decimal Classification Не е повреден без рестрикции ползва се в читалня 87441 Регионална библиотека "Любен Каравелов" Русе Регионална библиотека "Любен Каравелов" Русе Читалня 2006-05-25 Читалня 25.00 120000702390 Ч 316/С 54 120000702390 1 12.78 Дост: Pk Вид: Ф N: 40913 Дата: 22.05.2006 Дата инв: 22.03.2017 Бележки инв: Ч2017 Книги
  Не е изгубен   Не е повреден без рестрикции заемане за дома 87442 Регионална библиотека "Любен Каравелов" Русе Регионална библиотека "Любен Каравелов" Русе Заемна - подръчен фонд 2007-08-16 Заемна - подръчен фонд 25.00 120000716697 П 316.6/С 54 120000716697 2 12.78 Дост: Pk Вид: Ф N: 7450 Дата: 14.08.2007 Дата инв: 02.02.2018 Бележки инв: П2018 Книги
  Не е изгубен Universal Decimal Classification Не е повреден без рестрикции заемане за дома 87443 Регионална библиотека "Любен Каравелов" Русе Регионална библиотека "Любен Каравелов" Русе Подвързия, Комплектуване 2007-10-08 Заемна - подръчен фонд 25.00 120000717644 П 316.6/С 54 120000717644 3 12.78 Дост: Pk Вид: Ф N: 9215 Дата: 01.10.2007 Дата инв: 02.02.2018 Бележки инв: П2018 Книги
  Не е изгубен Universal Decimal Classification Не е повреден без рестрикции заемане за дома 87444 Регионална библиотека "Любен Каравелов" Русе Регионална библиотека "Любен Каравелов" Русе Заемна - подръчен фонд 2008-09-26 Заемна - подръчен фонд 25.00 120000729706 П 316.6/С 54 120000729706 4 12.78 Дост: Pk Вид: Ф N: 8935 Дата: 24.09.2008 Дата инв: 19.01.2015 Бележки инв: П2015 Книги
  Не е изгубен   Не е повреден без рестрикции заемане за дома 87445 Регионална библиотека "Любен Каравелов" Русе Регионална библиотека "Любен Каравелов" Русе Заемна - подръчен фонд 2008-09-26 Заемна - подръчен фонд 25.00 120000729708 П 316.6/С 54 120000729708 5 12.78 Дост: Pk Вид: Ф N: 8935 Дата: 24.09.2008 Дата инв: 02.02.2018 Бележки инв: П2018 Книги
  Не е изгубен   Не е повреден без рестрикции ползва се в читалня 87446 Регионална библиотека "Любен Каравелов" Русе Регионална библиотека "Любен Каравелов" Русе Хранилище 2009-04-21 Хранилище 25.00 120000735032 Цб 227590 120000735032 6 12.78 Дост: Dp Вид: Д N: 47 Дата: 04.11.2008 Книги
Vip Innovations Ltd, Rousse, Bulgaria 2025